[Event "15th Bangkok Chess Club Open Blitz 2015"]
[Site "Dusit Thani, Pattaya"]
[Date "2015.04.15"]
[Round "13.5"]
[White "Wang, Hao"]
[Black "Laylo, Darwin"]
[Result "*"]
[BlackElo "2465"]
[WhiteElo "2705"]
[LiveChessVersion "1.4.5"]

1. e4 {[%clk 0:03:03]} d5 {[%clk 0:03:03]} 2. exd5 {[%clk 0:03:03]} Nf6
{[%clk 0:03:04]} 3. Nf3 {[%clk 0:03:01]} Nxd5 {[%clk 0:03:01]} 4. d4
{[%clk 0:03:01]} Bf5 {[%clk 0:03:00]} 5. Bd3 {[%clk 0:02:57]} Bxd3
{[%clk 0:02:56]} 6. Qxd3 {[%clk 0:02:57]} e6 {[%clk 0:02:56]} 7. Qb5+
{[%clk 0:02:37]} Nc6 {[%clk 0:02:56]} 8. O-O {[%clk 0:02:27]} Nb6
{[%clk 0:02:45]} 9. Re1 {[%clk 0:02:20]} Be7 {[%clk 0:02:42]} 10. Qe2
{[%clk 0:02:18]} Nxd4 {[%clk 0:02:36]} 11. Nxd4 {[%clk 0:02:16]} Qxd4
{[%clk 0:02:37]} 12. Nd2 {[%clk 0:02:14]} O-O {[%clk 0:02:32]} 13. Nf3
{[%clk 0:02:15]} Qc4 {[%clk 0:02:32]} 14. Be3 {[%clk 0:02:07]} Qxe2
{[%clk 0:02:31]} 15. Rxe2 {[%clk 0:02:08]} Rfd8 {[%clk 0:02:31]} 16. Kf1
{[%clk 0:02:07]} Bf6 {[%clk 0:02:26]} 17. c3 {[%clk 0:02:08]} Rd7
{[%clk 0:02:11]} 18. a4 {[%clk 0:02:00]} Nc4 {[%clk 0:02:07]} 19. Bc1
{[%clk 0:01:56]} Rad8 {[%clk 0:02:02]} 20. Re1 {[%clk 0:01:50]} Rd1
{[%clk 0:01:54]} 21. g4 {[%clk 0:01:38]} h6 {[%clk 0:01:52]} 22. a5
{[%clk 0:01:18]} a6 {[%clk 0:01:24]} 23. Ra4 {[%clk 0:01:17]} Ne5
{[%clk 0:01:13]} 24. Nxe5 {[%clk 0:01:14]} Bxe5 {[%clk 0:01:14]} 25. h3
{[%clk 0:01:13]} Rxe1+ {[%clk 0:01:04]} 26. Kxe1 {[%clk 0:01:14]} Rd5
{[%clk 0:00:42]} 27. Bd2 {[%clk 0:01:04]} Rb5 {[%clk 0:00:31]} 28. b4
{[%clk 0:01:04]} Rd5 {[%clk 0:00:29]} 29. Ke2 {[%clk 0:01:04]} Kf8
{[%clk 0:00:25]} 30. Ra3 {[%clk 0:00:54]} Bd6 {[%clk 0:00:21]} 31. Rb3
{[%clk 0:00:50]} Be7 {[%clk 0:00:20]} 32. Be3 {[%clk 0:00:49]} Ke8
{[%clk 0:00:21]} 33. c4 {[%clk 0:00:49]} Rd8 {[%clk 0:00:21]} 34. b5
{[%clk 0:00:44]} Ra8 {[%clk 0:00:18]} 35. bxa6 {[%clk 0:00:42]} bxa6
{[%clk 0:00:19]} 36. Rd3 {[%clk 0:00:14]} Rb8 {[%clk 0:00:17]} 37. Bf4
{[%clk 0:00:15]} Rb7 {[%clk 0:00:17]} 38. Kf3 {[%clk 0:00:13]} f6
{[%clk 0:00:18]} 39. Ke4 {[%clk 0:00:13]} Rb4 {[%clk 0:00:19]} 40. Rc3
{[%clk 0:00:14]} Bd6 {[%clk 0:00:19]} 41. Bd2 {[%clk 0:00:12]} Kd7
{[%clk 0:00:18]} 42. Kd3 {[%clk 0:00:13]} Kc6 {[%clk 0:00:19]} 43. f4
{[%clk 0:00:13]} Rb2 {[%clk 0:00:19]} 44. Rc1 {[%clk 0:00:13]} Bb4
{[%clk 0:00:19]} 45. Bxb4 {[%clk 0:00:11]} Rxb4 {[%clk 0:00:20]} 46. Kd4
{[%clk 0:00:12]} Ra4 {[%clk 0:00:20]} 47. Re1 {[%clk 0:00:12]} Kd6
{[%clk 0:00:21]} 48. Rb1 {[%clk 0:00:11]} Rxa5 {[%clk 0:00:21]} 49. Rb8
{[%clk 0:00:11]} c5+ {[%clk 0:00:22]} 50. Ke4 {[%clk 0:00:11]} Ra4
{[%clk 0:00:23]} 51. Rb6+ {[%clk 0:00:12]} Kd7 {[%clk 0:00:23]} 52. Rb7+
{[%clk 0:00:13]} Kc6 {[%clk 0:00:25]} 53. Rxg7 {[%clk 0:00:13]} Rxc4+
{[%clk 0:00:26]} 54. Ke3 {[%clk 0:00:14]} Rc3+ {[%clk 0:00:26]} 55. Ke4
{[%clk 0:00:16]} Rxh3 {[%clk 0:00:24]} 56. Rg6 {[%clk 0:00:17]} Rg3
{[%clk 0:00:21]} 57. Rxf6 {[%clk 0:00:17]} Kd7 {[%clk 0:00:18]} 58. Rxh6
{[%clk 0:00:14]} Rxg4 {[%clk 0:00:19]} 59. Ke5 {[%clk 0:00:15]} Rg1
{[%clk 0:00:16]} 60. Rh7+ {[%clk 0:00:16]} Kc6 {[%clk 0:00:18]} 61. Kxe6
{[%clk 0:00:17]} c4 {[%clk 0:00:18]} 62. f5 {[%clk 0:00:16]} Re1+
{[%clk 0:00:17]} 63. Kf7 {[%clk 0:00:16]} c3 {[%clk 0:00:19]} 64. Rh3
{[%clk 0:00:17]} Rc1 {[%clk 0:00:17]} 65. f6 {[%clk 0:00:17]} c2 {[%clk 0:00:16]}
66. Rc3+ {[%clk 0:00:17]} Kb5 {[%clk 0:00:16]} 67. Kf8 {[%clk 0:00:17]} Kb4
{[%clk 0:00:17]} 68. Rc6 {[%clk 0:00:17]} Rf1 {[%clk 0:00:14]} 69. Rxc2
{[%clk 0:00:16]} Rxf6+ {[%clk 0:00:14]} 70. Ke7 {[%clk 0:00:17]} Rh6
{[%clk 0:00:13]} 71. Rc1 {[%clk 0:00:16]} a5 {[%clk 0:00:13]} 72. Rb1+
{[%clk 0:00:17]} Kc3 {[%clk 0:00:11]} 73. Ra1 {[%clk 0:00:18]} Rh5
{[%clk 0:00:12]} 74. Kd6 {[%clk 0:00:19]} Kb2 {[%clk 0:00:12]} 75. Rg1
{[%clk 0:00:20]} a4 {[%clk 0:00:13]} 76. Rg2+ {[%clk 0:00:21]} Kb3
{[%clk 0:00:12]} 77. Rg3+ {[%clk 0:00:22]} Kb4 {[%clk 0:00:12]} 78. Rg4+
{[%clk 0:00:22]} Kb5 {[%clk 0:00:13]} 79. Rg3 {[%clk 0:00:23]} Rh1
{[%clk 0:00:11]} 80. Ke5 {[%clk 0:00:22]} Rd1 {[%clk 0:00:12]} 81. Rh3
{[%clk 0:00:19]} Kb4 {[%clk 0:00:08]} 82. Rh4+ {[%clk 0:00:20]} Kb5
{[%clk 0:00:09]} 83. Rh3 {[%clk 0:00:20]} Rd2 {[%clk 0:00:10]} 84. Ke4
{[%clk 0:00:16]} Kb4 {[%clk 0:00:11]} 85. Ke3 {[%clk 0:00:14]} Rd6
{[%clk 0:00:12]} 86. Rh8 {[%clk 0:00:13]} a3 {[%clk 0:00:12]} 87. Ra8
{[%clk 0:00:12]} Kb3 {[%clk 0:00:12]} 88. Rb8+ {[%clk 0:00:12]} Ka2
{[%clk 0:00:13]} 89. Ke2 {[%clk 0:00:13]} Ka1 {[%clk 0:00:10]} 90. Rb3
{[%clk 0:00:12]} a2 {[%clk 0:00:09]} 91. Rb8 {[%clk 0:00:12]} Rd7
{[%clk 0:00:06]} 92. Rb6 {[%clk 0:00:13]} Rh7 93. Kd2 Rh2+ 94. Kc1 *

[Event "15th Bangkok Chess Club Open Blitz 2015"]
[Site "Dusit Thani, Pattaya"]
[Date "2015.04.15"]
[Round "13.6"]
[White "Dragun, Kamil"]
[Black "Hemant, Sharma"]
[Result "*"]
[BlackElo "2325"]
[WhiteElo "2537"]
[LiveChessVersion "1.4.5"]

1. d4 {[%clk 0:03:03]} d5 {[%clk 0:03:02]} 2. c4 {[%clk 0:03:04]} e6
{[%clk 0:03:03]} 3. Nc3 {[%clk 0:03:05]} Be7 {[%clk 0:03:05]} 4. Nf3
{[%clk 0:03:05]} Nf6 {[%clk 0:03:06]} 5. Bg5 {[%clk 0:03:05]} O-O
{[%clk 0:03:07]} 6. e3 {[%clk 0:03:07]} h6 {[%clk 0:03:08]} 7. Bh4 b6 8. Be2
{[%clk 0:03:06]} Bb7 {[%clk 0:03:11]} 9. Bxf6 {[%clk 0:03:07]} Bxf6
{[%clk 0:03:12]} 10. cxd5 {[%clk 0:03:08]} exd5 {[%clk 0:03:13]} 11. Qb3
{[%clk 0:03:08]} c5 {[%clk 0:03:09]} 12. dxc5 Nd7 13. cxb6 {[%clk 0:02:51]} Qxb6
{[%clk 0:03:08]} 14. Qxb6 {[%clk 0:02:50]} Nxb6 {[%clk 0:03:07]} 15. Nd4
{[%clk 0:02:47]} Rfc8 {[%clk 0:02:58]} 16. O-O {[%clk 0:02:47]} Nc4
{[%clk 0:02:59]} 17. Bxc4 {[%clk 0:02:47]} Rxc4 {[%clk 0:02:59]} 18. Rfd1
{[%clk 0:02:48]} Rb8 {[%clk 0:03:00]} 19. Nde2 {[%clk 0:02:41]} Rc5
{[%clk 0:02:52]} 20. Rd2 {[%clk 0:02:40]} Bc6 {[%clk 0:02:50]} 21. Rad1
{[%clk 0:02:39]} a5 {[%clk 0:02:47]} 22. g3 {[%clk 0:02:39]} a4 {[%clk 0:02:48]}
23. Nd4 {[%clk 0:02:34]} a3 {[%clk 0:02:46]} 24. Nb3 {[%clk 0:01:01]} Rxb3
{[%clk 0:02:20]} 25. axb3 {[%clk 0:00:59]} axb2 {[%clk 0:02:21]} 26. Ne2
{[%clk 0:00:54]} Bb5 {[%clk 0:02:16]} 27. Rb1 {[%clk 0:00:30]} Bxe2
{[%clk 0:01:23]} 28. Rxe2 {[%clk 0:00:31]} Rc1+ {[%clk 0:01:24]} 29. Re1
{[%clk 0:00:32]} Rc5 {[%clk 0:01:26]} 30. Red1 {[%clk 0:00:31]} Rb5
{[%clk 0:01:27]} 31. Rd3 Rc5 32. Kg2 {[%clk 0:00:32]} Rc1 {[%clk 0:01:30]} 33.
Rd1 {[%clk 0:00:33]} Rc5 {[%clk 0:01:31]} 34. Kf3 {[%clk 0:00:31]} Kf8
{[%clk 0:01:30]} 35. Ke2 {[%clk 0:00:31]} Rc2+ {[%clk 0:01:31]} 36. Rd2
{[%clk 0:00:32]} Rc1 {[%clk 0:01:32]} 37. Rbxb2 {[%clk 0:00:20]} Bxb2
{[%clk 0:01:34]} 38. Rxb2 {[%clk 0:00:21]} Ke7 {[%clk 0:01:35]} 39. b4
{[%clk 0:00:22]} Kd6 {[%clk 0:01:37]} 40. b5 {[%clk 0:00:23]} Kc7
{[%clk 0:01:38]} 41. b6+ Kb7 42. Kd3 {[%clk 0:00:23]} Rc4 {[%clk 0:01:39]} 43. h4
{[%clk 0:00:20]} f5 {[%clk 0:01:40]} 44. Rb5 {[%clk 0:00:21]} Rc6
{[%clk 0:01:32]} 45. Rxd5 {[%clk 0:00:22]} Rxb6 {[%clk 0:01:31]} 46. Rxf5
{[%clk 0:00:23]} Kc8 {[%clk 0:01:32]} 47. Rf7 {[%clk 0:00:23]} Rg6
{[%clk 0:01:33]} 48. h5 {[%clk 0:00:14]} Rg5 {[%clk 0:01:33]} 49. Ke4
{[%clk 0:00:15]} Kd8 {[%clk 0:01:34]} 50. Rf5 {[%clk 0:00:15]} Rg4+
{[%clk 0:01:35]} 51. Kf3 {[%clk 0:00:16]} Ra4 {[%clk 0:01:36]} 52. Rf7
{[%clk 0:00:16]} Ra5 {[%clk 0:01:37]} 53. Rxg7 {[%clk 0:00:13]} Rxh5
{[%clk 0:01:38]} 54. e4 {[%clk 0:00:14]} Ke8 {[%clk 0:01:40]} 55. Ke3
{[%clk 0:00:15]} Kf8 {[%clk 0:01:41]} 56. Rc7 {[%clk 0:00:16]} Ra5
{[%clk 0:01:43]} 57. g4 {[%clk 0:00:16]} h5 {[%clk 0:01:43]} 58. gxh5
{[%clk 0:00:16]} Rxh5 {[%clk 0:01:45]} 59. f4 {[%clk 0:00:17]} Rh3+
{[%clk 0:01:46]} 60. Kd4 {[%clk 0:00:19]} Ra3 {[%clk 0:01:47]} 61. f5
{[%clk 0:00:19]} Ra6 {[%clk 0:01:49]} 62. Ke5 {[%clk 0:00:20]} Rb6
{[%clk 0:01:50]} 63. Kf4 {[%clk 0:00:21]} Rh6 {[%clk 0:01:47]} 64. e5
{[%clk 0:00:22]} Rb6 {[%clk 0:01:46]} 65. e6 {[%clk 0:00:23]} Ke8
{[%clk 0:01:45]} 66. Ke5 Kd8 67. Rd7+ {[%clk 0:00:25]} Ke8 {[%clk 0:01:47]} 68.
Ra7 {[%clk 0:00:26]} Rb8 {[%clk 0:01:47]} 69. Kf6 {[%clk 0:00:26]} Kf8
{[%clk 0:01:48]} 70. Rf7+ {[%clk 0:00:27]} Kg8 {[%clk 0:01:49]} 71. Rg7+
{[%clk 0:00:28]} Kh8 {[%clk 0:01:50]} 72. Rg2 {[%clk 0:00:28]} Rf8+
{[%clk 0:01:52]} 73. Ke5 {[%clk 0:00:29]} Ra8 {[%clk 0:01:51]} 74. e7
{[%clk 0:00:28]} Kh7 {[%clk 0:01:50]} 75. f6 {[%clk 0:00:29]} Ra1
{[%clk 0:01:47]} 76. Ke6 {[%clk 0:00:29]} *

[Event "15th Bangkok Chess Club Open Blitz 2015"]
[Site "Dusit Thani, Pattaya"]
[Date "2015.04.15"]
[Round "14.1"]
[White "Socko, Bartosz"]
[Black "Wang, Hao"]
[Result "*"]
[BlackElo "2705"]
[WhiteElo "2623"]
[LiveChessVersion "1.4.5"]

1. e4 {[%clk 0:03:03]} c5 {[%clk 0:03:03]} 2. Nf3 {[%clk 0:03:03]} d6
{[%clk 0:03:04]} 3. d4 {[%clk 0:03:04]} cxd4 {[%clk 0:03:05]} 4. Nxd4
{[%clk 0:03:04]} Nf6 {[%clk 0:03:06]} 5. Nc3 {[%clk 0:03:05]} a6 {[%clk 0:03:07]}
6. Be3 {[%clk 0:03:03]} Ng4 {[%clk 0:03:06]} 7. Bc1 {[%clk 0:03:00]} Nf6
{[%clk 0:03:07]} 8. Be3 {[%clk 0:03:02]} Ng4 {[%clk 0:03:06]} 9. Bg5
{[%clk 0:03:03]} h6 {[%clk 0:03:06]} 10. Bh4 {[%clk 0:03:04]} g5 {[%clk 0:03:07]}
11. Bg3 {[%clk 0:03:05]} Bg7 {[%clk 0:03:08]} 12. Be2 {[%clk 0:03:04]} h5
{[%clk 0:03:08]} 13. Bxg4 {[%clk 0:03:04]} Bxg4 {[%clk 0:03:05]} 14. f3
{[%clk 0:03:04]} Be6 {[%clk 0:03:04]} 15. Bf2 {[%clk 0:03:00]} Nc6
{[%clk 0:03:01]} 16. Nxc6 {[%clk 0:02:50]} bxc6 {[%clk 0:03:02]} 17. Bd4
{[%clk 0:02:51]} Bxd4 {[%clk 0:02:57]} 18. Qxd4 {[%clk 0:02:52]} f6
{[%clk 0:02:57]} 19. h4 {[%clk 0:02:47]} g4 {[%clk 0:02:34]} 20. f4
{[%clk 0:02:46]} Rb8 {[%clk 0:02:34]} 21. b3 {[%clk 0:02:34]} Qa5
{[%clk 0:02:30]} 22. O-O-O {[%clk 0:02:17]} O-O {[%clk 0:02:22]} 23. Kb2
{[%clk 0:02:03]} Rb4 {[%clk 0:01:59]} 24. Qd2 {[%clk 0:02:00]} Rfb8
{[%clk 0:01:54]} 25. e5 {[%clk 0:01:40]} dxe5 {[%clk 0:01:37]} 26. fxe5
{[%clk 0:01:40]} Qxe5 {[%clk 0:01:36]} 27. Rde1 {[%clk 0:01:35]} Rd4
{[%clk 0:01:06]} 28. Qf2 {[%clk 0:01:07]} Qf4 {[%clk 0:00:43]} 29. Qxf4
{[%clk 0:01:03]} Rxf4 {[%clk 0:00:41]} 30. Rxe6 {[%clk 0:01:04]} Kf7
{[%clk 0:00:38]} 31. Rhe1 {[%clk 0:01:04]} Rb7 {[%clk 0:00:39]} 32. Rxc6
{[%clk 0:00:56]} g3 {[%clk 0:00:39]} 33. Re3 {[%clk 0:00:55]} Rg4
{[%clk 0:00:40]} 34. Ne2 {[%clk 0:00:51]} Rxh4 {[%clk 0:00:40]} 35. Nxg3
{[%clk 0:00:49]} Rh2 {[%clk 0:00:39]} 36. Rce6 {[%clk 0:00:40]} Rxg2
{[%clk 0:00:30]} 37. Nxh5 {[%clk 0:00:39]} Rg4 {[%clk 0:00:30]} 38. Rxa6
{[%clk 0:00:34]} Rb5 {[%clk 0:00:22]} 39. Ng3 {[%clk 0:00:31]} *

[Event "15th Bangkok Chess Club Open Blitz 2015"]
[Site "Dusit Thani, Pattaya"]
[Date "2015.04.15"]
[Round "14.2"]
[White "Barbosa, Oliver"]
[Black "Gavilan, Arnulfo"]
[Result "*"]
[BlackElo "2244"]
[WhiteElo "2610"]
[LiveChessVersion "1.4.5"]

1. d4 {[%clk 0:03:02]} d5 {[%clk 0:03:01]} 2. Bg5 {[%clk 0:03:00]} Nf6
{[%clk 0:02:57]} 3. Bxf6 {[%clk 0:02:59]} exf6 {[%clk 0:02:55]} 4. e3
{[%clk 0:03:00]} Bd6 {[%clk 0:02:53]} 5. g3 {[%clk 0:03:01]} h5 {[%clk 0:02:52]}
6. Bg2 {[%clk 0:03:01]} h4 {[%clk 0:02:49]} 7. Nd2 {[%clk 0:02:58]} hxg3
{[%clk 0:02:45]} 8. hxg3 {[%clk 0:02:58]} Rxh1 {[%clk 0:02:40]} 9. Bxh1
{[%clk 0:02:58]} c6 {[%clk 0:02:42]} 10. Qh5 {[%clk 0:02:55]} Qe7
{[%clk 0:02:42]} 11. O-O-O {[%clk 0:02:49]} Na6 {[%clk 0:02:33]} 12. e4
{[%clk 0:02:48]} dxe4 {[%clk 0:02:16]} 13. Nxe4 {[%clk 0:02:48]} Bc7
{[%clk 0:01:29]} 14. Nc3 {[%clk 0:02:23]} Be6 {[%clk 0:01:01]} 15. d5
{[%clk 0:02:22]} cxd5 {[%clk 0:00:54]} 16. Nxd5 {[%clk 0:02:22]} Bxd5
{[%clk 0:00:50]} 17. Qxd5 {[%clk 0:01:59]} Nc5 {[%clk 0:00:17]} 18. Qh5
{[%clk 0:01:48]} Rb8 {[%clk 0:00:06]} 19. Nf3 {[%clk 0:01:44]} Ne6
{[%clk 0:00:04]} 20. Nh4 {[%clk 0:01:40]} g6 {[%clk 0:00:04]} 21. Qh8+
{[%clk 0:01:38]} Nf8 {[%clk 0:00:05]} 22. Ng2 {[%clk 0:01:39]} Be5
{[%clk 0:00:05]} 23. Re1 {[%clk 0:01:24]} Kd7 {[%clk 0:00:06]} 24. Qh4
{[%clk 0:01:16]} Ne6 {[%clk 0:00:06]} 25. Qa4+ {[%clk 0:01:17]} Kd8
{[%clk 0:00:04]} 26. Rd1+ {[%clk 0:01:14]} Kc8 {[%clk 0:00:05]} 27. Ne3
{[%clk 0:01:14]} Qc7 {[%clk 0:00:04]} 28. Qe8+ {[%clk 0:01:09]} Nd8
{[%clk 0:00:05]} 29. Nd5 {[%clk 0:01:08]} Qc6 {[%clk 0:00:04]} 30. Ne7+
{[%clk 0:01:07]} *

[Event "15th Bangkok Chess Club Open Blitz 2015"]
[Site "Dusit Thani, Pattaya"]
[Date "2015.04.15"]
[Round "14.3"]
[White "Alahakoon, Isuru"]
[Black "Roy, Prantik"]
[Result "*"]
[BlackElo "2308"]
[WhiteElo "2152"]
[LiveChessVersion "1.4.5"]

1. Nf3 {[%clk 0:03:03]} Nf6 {[%clk 0:03:03]} 2. g3 {[%clk 0:03:04]} d5
{[%clk 0:03:04]} 3. Bg2 {[%clk 0:03:05]} c6 {[%clk 0:03:06]} 4. O-O
{[%clk 0:03:04]} Bg4 {[%clk 0:03:07]} 5. d3 {[%clk 0:03:02]} e6 {[%clk 0:03:08]}
6. Nbd2 {[%clk 0:03:01]} Nbd7 {[%clk 0:03:09]} 7. h3 Bh5 8. c3 {[%clk 0:02:58]}
Bd6 {[%clk 0:03:10]} 9. Qe1 {[%clk 0:02:54]} Qc7 {[%clk 0:03:11]} 10. e4
{[%clk 0:02:54]} dxe4 {[%clk 0:03:09]} 11. dxe4 {[%clk 0:02:54]} e5
{[%clk 0:03:08]} 12. Nh4 {[%clk 0:02:48]} Nc5 {[%clk 0:03:04]} 13. Nf5
{[%clk 0:02:45]} O-O {[%clk 0:02:58]} 14. Nc4 {[%clk 0:02:38]} Be7
{[%clk 0:02:53]} 15. Nce3 {[%clk 0:02:26]} Ncxe4 {[%clk 0:02:46]} 16. Nxe7+
{[%clk 0:02:20]} Qxe7 {[%clk 0:02:47]} 17. Nf5 {[%clk 0:02:20]} Qd7
{[%clk 0:02:38]} 18. Bxe4 {[%clk 0:02:20]} Bg6 {[%clk 0:02:36]} 19. g4
{[%clk 0:02:16]} h5 {[%clk 0:02:33]} 20. Bg5 {[%clk 0:02:13]} Nxe4
{[%clk 0:02:29]} 21. Qxe4 {[%clk 0:02:12]} hxg4 {[%clk 0:02:30]} 22. hxg4
{[%clk 0:02:12]} f6 {[%clk 0:02:31]} 23. Be3 {[%clk 0:02:07]} Qe6
{[%clk 0:02:31]} 24. Ne7+ {[%clk 0:02:04]} Qxe7 {[%clk 0:02:28]} 25. Qxg6
{[%clk 0:02:04]} Qf7 {[%clk 0:02:24]} 26. Qxf7+ {[%clk 0:02:03]} Kxf7
{[%clk 0:02:25]} 27. Rad1 {[%clk 0:02:00]} Ke6 {[%clk 0:02:27]} 28. Bc5
{[%clk 0:02:00]} Rfd8 {[%clk 0:02:28]} 29. Kg2 {[%clk 0:01:53]} b6
{[%clk 0:02:29]} 30. Be3 {[%clk 0:01:51]} c5 {[%clk 0:02:26]} 31. Kf3
{[%clk 0:01:45]} Rxd1 {[%clk 0:02:17]} 32. Rxd1 Rh8 {[%clk 0:02:18]} 33. a4
{[%clk 0:01:36]} Rh3+ {[%clk 0:02:16]} 34. Kg2 {[%clk 0:01:36]} Rh4
{[%clk 0:02:15]} 35. Kg3 {[%clk 0:01:36]} Rh8 {[%clk 0:02:16]} 36. a5
{[%clk 0:01:36]} bxa5 {[%clk 0:02:11]} 37. Ra1 {[%clk 0:01:35]} Rb8
{[%clk 0:02:10]} 38. Rxa5 {[%clk 0:01:32]} Rxb2 {[%clk 0:02:11]} 39. Bxc5
{[%clk 0:01:24]} Rc2 {[%clk 0:02:11]} 40. Bb4 {[%clk 0:01:23]} g6
{[%clk 0:02:05]} 41. Ra6+ {[%clk 0:01:22]} Kf7 {[%clk 0:02:05]} 42. Rxa7+ Ke6 43.
Ra6+ {[%clk 0:01:20]} Kf7 {[%clk 0:02:08]} 44. Rc6 {[%clk 0:01:19]} f5
{[%clk 0:02:06]} 45. c4 {[%clk 0:01:14]} Rb2 {[%clk 0:02:07]} 46. Bc3
{[%clk 0:01:14]} Rb3 {[%clk 0:02:08]} 47. Kh4 {[%clk 0:00:33]} Rxc3
{[%clk 0:02:08]} 48. gxf5 {[%clk 0:00:27]} gxf5 {[%clk 0:02:09]} 49. Kg5
{[%clk 0:00:18]} f4 {[%clk 0:02:03]} 50. Kf5 {[%clk 0:00:15]} Rf3
{[%clk 0:02:00]} 51. Rc7+ {[%clk 0:00:10]} Ke8 {[%clk 0:01:58]} 52. Kxe5
{[%clk 0:00:06]} Rxf2 {[%clk 0:01:59]} 53. Ke4 {[%clk 0:00:06]} Rf1
{[%clk 0:01:57]} 54. Rc5 {[%clk 0:00:04]} Ke7 {[%clk 0:01:56]} 55. Rf5
{[%clk 0:00:05]} Kd6 {[%clk 0:01:57]} 56. Rxf4 {[%clk 0:00:04]} Rxf4+
{[%clk 0:01:57]} 57. Kxf4 {[%clk 0:00:05]} Kc5 {[%clk 0:01:59]} *

[Event "15th Bangkok Chess Club Open Blitz 2015"]
[Site "Dusit Thani, Pattaya"]
[Date "2015.04.15"]
[Round "14.4"]
[White "Biag, Ivan Gil"]
[Black "Grafil, Franz Robert"]
[Result "*"]
[BlackElo "2156"]
[WhiteElo "2328"]
[LiveChessVersion "1.4.5"]

1. d4 {[%clk 0:03:01]} Nf6 {[%clk 0:03:03]} 2. c4 {[%clk 0:02:59]} e6
{[%clk 0:03:04]} 3. Nc3 {[%clk 0:02:59]} Bb4 {[%clk 0:03:05]} 4. e3
{[%clk 0:03:00]} c5 {[%clk 0:03:04]} 5. Nf3 {[%clk 0:02:56]} O-O {[%clk 0:02:56]}
6. dxc5 {[%clk 0:02:41]} Na6 {[%clk 0:02:52]} 7. Bd2 {[%clk 0:02:37]} Nxc5
{[%clk 0:02:35]} 8. Be2 {[%clk 0:02:37]} b6 {[%clk 0:02:23]} 9. O-O Bb7 10. a3
{[%clk 0:02:31]} Bxc3 {[%clk 0:02:25]} 11. Bxc3 {[%clk 0:02:32]} Nce4
{[%clk 0:02:11]} 12. Bd4 {[%clk 0:02:31]} d5 {[%clk 0:02:11]} 13. Rc1
{[%clk 0:02:30]} Rc8 {[%clk 0:02:10]} 14. Qa4 {[%clk 0:02:30]} a6
{[%clk 0:02:06]} 15. cxd5 {[%clk 0:02:25]} b5 {[%clk 0:02:06]} 16. Rxc8
{[%clk 0:01:38]} Qxc8 {[%clk 0:02:04]} 17. Qa5 {[%clk 0:01:38]} Bxd5
{[%clk 0:01:59]} 18. Bd3 {[%clk 0:01:33]} Qb7 {[%clk 0:01:46]} 19. Qb6
{[%clk 0:01:25]} Qxb6 {[%clk 0:01:13]} 20. Bxb6 {[%clk 0:01:25]} Rc8
{[%clk 0:01:14]} 21. Ba5 {[%clk 0:01:07]} Nd6 {[%clk 0:01:09]} 22. Rd1
{[%clk 0:00:54]} Nc4 {[%clk 0:01:05]} 23. Bxc4 {[%clk 0:00:54]} *

[Event "15th Bangkok Chess Club Open Blitz 2015"]
[Site "Dusit Thani, Pattaya"]
[Date "2015.04.15"]
[Round "14.5"]
[White "Bartel, Michal"]
[Black "Causo, Deniel"]
[Result "0-1"]
[BlackElo "2401"]
[WhiteElo "2381"]
[LiveChessVersion "1.4.5"]

1. g3 {[%clk 0:03:04]} d5 {[%clk 0:03:03]} 2. Bg2 {[%clk 0:03:05]} c6
{[%clk 0:03:04]} 3. f4 {[%clk 0:03:06]} h5 {[%clk 0:03:04]} 4. Nf3
{[%clk 0:03:06]} Nf6 {[%clk 0:03:03]} 5. h3 {[%clk 0:03:01]} Bf5 {[%clk 0:02:51]}
6. d3 {[%clk 0:03:00]} Qb6 {[%clk 0:02:39]} 7. c3 {[%clk 0:02:58]} Nbd7
{[%clk 0:02:34]} 8. Qb3 {[%clk 0:02:58]} e6 {[%clk 0:02:31]} 9. Nbd2
{[%clk 0:02:44]} Nc5 {[%clk 0:02:24]} 10. Qc2 {[%clk 0:02:37]} Nxd3+
{[%clk 0:02:18]} 11. exd3 {[%clk 0:02:23]} Qe3+ {[%clk 0:02:18]} 12. Kd1
{[%clk 0:02:20]} Bxd3 {[%clk 0:02:18]} 13. Rf1 {[%clk 0:02:13]} Qe2# 0-1

[Event "15th Bangkok Chess Club Open Blitz 2015"]
[Site "Dusit Thani, Pattaya"]
[Date "2015.04.15"]
[Round "14.6"]
[White "Dimakiling, Oliver"]
[Black "Ravi, Teja S."]
[Result "*"]
[BlackElo "2368"]
[WhiteElo "2422"]
[LiveChessVersion "1.4.5"]

1. c4 {[%clk 0:03:03]} c6 {[%clk 0:03:00]} 2. d4 {[%clk 0:03:03]} d5
{[%clk 0:03:02]} 3. e3 {[%clk 0:03:03]} Nf6 {[%clk 0:03:03]} 4. Nf3
{[%clk 0:03:04]} Bf5 {[%clk 0:03:04]} 5. Nbd2 {[%clk 0:03:02]} e6
{[%clk 0:03:05]} 6. Be2 {[%clk 0:03:02]} h6 {[%clk 0:03:06]} 7. O-O Nbd7 8. a4
{[%clk 0:03:00]} a5 {[%clk 0:03:08]} 9. b3 {[%clk 0:03:00]} Bd6 {[%clk 0:03:07]}
10. Ba3 {[%clk 0:03:00]} Qe7 {[%clk 0:03:02]} 11. Qc1 {[%clk 0:03:00]} O-O
{[%clk 0:03:02]} 12. Re1 {[%clk 0:02:56]} Ne4 {[%clk 0:02:53]} 13. Nxe4
{[%clk 0:02:54]} Bxe4 {[%clk 0:02:54]} 14. Nd2 {[%clk 0:02:54]} Bg6
{[%clk 0:02:53]} 15. f4 {[%clk 0:02:46]} Nf6 {[%clk 0:02:49]} 16. Bf3
{[%clk 0:02:44]} Bxa3 {[%clk 0:02:40]} 17. Qxa3 {[%clk 0:02:43]} Qxa3
{[%clk 0:02:40]} 18. Rxa3 {[%clk 0:02:44]} Bh5 {[%clk 0:02:34]} 19. Rb1
{[%clk 0:02:38]} Bxf3 {[%clk 0:02:35]} 20. gxf3 {[%clk 0:02:38]} Nd7
{[%clk 0:01:49]} 21. b4 {[%clk 0:02:38]} axb4 {[%clk 0:01:47]} 22. Rbb3 bxa3 23.
Rxa3 {[%clk 0:02:38]} b6 {[%clk 0:01:48]} 24. e4 {[%clk 0:02:34]} dxe4
{[%clk 0:01:37]} 25. fxe4 {[%clk 0:02:31]} Ra6 {[%clk 0:01:36]} 26. Kf2
{[%clk 0:02:29]} Rfa8 {[%clk 0:01:38]} 27. Ke3 Kf8 28. e5 {[%clk 0:02:15]} c5
{[%clk 0:01:27]} 29. dxc5 {[%clk 0:02:13]} Nxc5 {[%clk 0:01:23]} 30. Ne4
{[%clk 0:02:05]} Nxa4 {[%clk 0:00:54]} *